Normal view
MARC view
Entry Personal Name
001 - CONTROL NUMBER
- control field: 1228559
003 - CONTROL NUMBER IDENTIFIER
- control field: OSt
005 - DATE AND TIME OF LATEST TRANSACTION
- control field: 20260324151043.0
008 - FIXED-LENGTH DATA ELEMENTS
- fixed length control field: 260324|| aca||aabn | a|a d
040 ## - CATALOGING SOURCE
- Original cataloging agency: OSt
- Transcribing agency: OSt
100 ## - HEADING--PERSONAL NAME
- Personal name: Swire Smith; Walter Runciman; Hugh Bell; S.G. Hobson; Arthur Wadham; James Long; Elijah Helm; Charles McLaren; M.P. Bart.; William Burton; Alfred Mond; "A City Editor"
670 ## - SOURCE DATA FOUND
- Source citation: Work cat.: (OSt)1839034: Swire Smith; Walter Runciman; Hugh Bell; S.G. Hobson; Arthur Wadham; James Long; Elijah Helm; Charles McLaren; M.P. Bart.; William Burton; Alfred Mond; "A City Editor", Protection and Industry
